Staaten des Heiligen Römischen Reiches in 1356 auf einer Karte - Statistiken

Allgemein
  • Dieses Quiz wurde 4.149 mal gespielt
  • Das Durchschnittsergebnis liegt bei 76 aus 388
Antworten auf der Karte
Die Antworten werden auf der Karte rot bzw. grün angezeigt, abhängig davon wie oft sie richtig erraten wurden.
 
Antwortstatistiken
Staat % Korrekt
Bayern-München
90%
Bayern-Landshut
84%
Bayern-Straubing
83%
Berg
83%
Hamburg
80%
Sachsen
79%
Baden
74%
Bremen
74%
Köln
74%
Holstein-Kiel
72%
Böhmen
71%
Brandenburg
71%
Frankfurt
65%
Pommern-Stettin
64%
Württemberg
64%
Mailand
63%
Österreich
63%
Holstein-Schauenburg
62%
Pommern-Wolgast
61%
Bern
60%
Holstein-Rendsburg
60%
Lübeck
60%
Tirol
60%
Zürich
59%
Hessen
58%
Nürnberg
58%
Salzburg
57%
Holland
54%
Mainz
54%
Aachen
53%
Anhalt
53%
Trier
53%
Oldenburg
52%
Pfalz
52%
Augsburg
51%
Dresden
51%
Freiburg
51%
Genf
51%
Mähren
51%
Thüringen
51%
Genua
49%
Schwerin
49%
Florenz
48%
Luxembourg
48%
Basel
47%
Magdeburg
47%
Münster
46%
Straßburg
45%
Ulm
45%
Dortmund
43%
Lothringen
43%
Steiermark
41%
Regensburg
40%
Rheingrafschaft
40%
Würzburg
40%
Kärnten
39%
Osnabrück
39%
Burgund
38%
Flandern
38%
Lüneburg
38%
Monaco
37%
Essen
35%
Konstanz
35%
Pisa
35%
Saarbrücken
35%
Hall
34%
Hohenzollern
34%
Bamberg
33%
Breslau
33%
Passau
33%
Lippe
32%
Uri
32%
Utrecht
32%
Nassau
31%
Schwyz
31%
Biel
29%
Luzern
29%
Paderborn
29%
Provence
29%
St. Gallen
29%
Triest
29%
Göttingen
28%
Worms
28%
Brabant
27%
Liège
27%
Savoyen
27%
Verona
27%
Fulda
26%
Zeeland
26%
Zug
26%
Metz
25%
Speyer
25%
Wallis
25%
Meissen
24%
Schaumberg
24%
Kleve
23%
Piemont
23%
Geldern
22%
Lauenburg
22%
Lucca
22%
Ravensberg
22%
Ravensburg
22%
Trient
22%
Tübingen
22%
Kempten
21%
Siena
21%
Hildesheim
20%
Modena
20%
Padua
20%
Aalen
19%
Dithmarschen
19%
Lausanne
19%
Memmingen
19%
Reutlingen
19%
Breisgau
18%
Goslar
18%
Krain
18%
Lindau
18%
Mühlhausen
18%
Nidwalden
18%
Obwalden
18%
Rothenburg
18%
Schweinfurt
18%
Glarus
17%
Hanau
17%
Jülich
17%
Oppeln
17%
Bentheim
16%
Chur
16%
Esslingen
16%
Freising
16%
Mark
16%
Neuenburg
16%
Solothurn
16%
Vogtland
16%
Waldeck
16%
Zweibrücken-Bitsch
16%
Zweibrücken-Zweibrücken
16%
Bar
15%
Kolmar
15%
Offenburg
15%
Verden
15%
Wolfenbüttel
15%
Mantua
14%
Minden
14%
Auschwitz
13%
Cilli
13%
Homburg
13%
Rottweil
13%
Verdun
13%
Berchtesgaden
12%
Brixen
12%
Glogau
12%
Gmünd
12%
Teck
12%
Wetzlar
12%
Aquileia
11%
Arnsberg
11%
Biberach
11%
Cammin
11%
Eichstätt
11%
Görz
11%
Hohenlohe
11%
Nordlingen
11%
Pyrmont
11%
Ruppin
11%
Schwarzburg
11%
Arezzo
10%
Delmenhorst
10%
Deutscher Orden
10%
Diepholz
10%
Donauwörth
10%
Halberstadt
10%
Liegnitz
10%
Mülhausen
10%
Namur
10%
Pavia
10%
Ratzeburg
10%
Reggio
10%
Tecklenburg
10%
Tull
10%
Weil
10%
Besançon
9%
Dinkelsbühl
9%
Naumburg
9%
Neiße
9%
Nordhausen
9%
Raugrafschaft
9%
Werden-Helmstedt
9%
Burgau
8%
Cambrai
8%
Ellwangen
8%
Falkenstein
8%
Fürstenberg
8%
Hohenberg
8%
Hoya
8%
Katzenelnbogen
8%
Lebus
8%
Leuchtenberg
8%
Lichtenberg
8%
Limpurg
8%
Merseburg
8%
Montferrat
8%
Oettingen
8%
Sayn
8%
Sion
8%
Stargard
8%
Weissenburg
8%
Werle
8%
Alba
7%
Arenberg
7%
Belluno
7%
Beuren
7%
Blankenburg
7%
Bopfingen
7%
Enghien
7%
Fleckenstein
7%
Friedburg
7%
Goldegg
7%
Hagenau
7%
Henneberg
7%
Hennegau
7%
Hohenlimburg
7%
Hoorn
7%
Isenburg
7%
Montfort
7%
Oels
7%
Saluzzo
7%
Schönburg
7%
St. Maurice
7%
Sundgau
7%
Teschen
7%
Troppau
7%
Überlingen
7%
Wangen
7%
Wernigerode
7%
Wittgenstein
7%
Ahaus
6%
Brieg
6%
Buchau
6%
Castell
6%
Chiny
6%
Corvey
6%
Dohna
6%
Erbach
6%
Finale
6%
Giengen
6%
Havelberg
6%
Heinsberg
6%
Helfenstein
6%
Hersfeld
6%
Kirchberg
6%
Loon
6%
Löwenstein
6%
Mansfeld
6%
Münsterberg
6%
Neuenahr
6%
Noli
6%
Ortenburg
6%
Ottobeuren
6%
Salem
6%
Schweidnitz
6%
Sponheim
6%
Steinau
6%
Türkheim
6%
Waldburg
6%
Weggis
6%
Wied
6%
Wimpfen
6%
Apremont
5%
Badenweiler
5%
Bruchhausen
5%
Buchhorn
5%
Colditz
5%
Disentis
5%
Engelberg
5%
Eschenbach
5%
Everstein
5%
Gelnhausen
5%
Greyerz
5%
Grubenhagen
5%
Hellenstein
5%
Hohnstein
5%
Königsegg
5%
Laufenburg
5%
Leiningen
5%
Leutkirch
5%
Misox
5%
Mömpelgard
5%
Mosbach
5%
Pfullendorf
5%
Rosheim
5%
Salm
5%
Sargans
5%
Schlettstadt
5%
Solm
5%
Sovana
5%
Stablo-Malmedy
5%
St. Blaise
5%
Stolberg
5%
Toggenburg
5%
Truhendingen
5%
Vaudémont
5%
Waldenburg
5%
Weingarten
5%
Werdenberg
5%
Wertheim
5%
Windsheim
5%
Wissembourg
5%
Ziegenhain
5%
Beichlingen
4%
Belmont
4%
Blamont
4%
Cuijk
4%
Dagsburg
4%
Eberstein
4%
Gengenbach
4%
Gersau
4%
Gleichen
4%
Hachberg
4%
Hattstatt
4%
Hayingen
4%
Heiligenberg
4%
Hohengeroldseck
4%
Höwen
4%
Kaysersberg
4%
Kevernburg
4%
Kling
4%
Kornelimünster
4%
Leisnig
4%
Lützelstein
4%
Manderscheid
4%
Murbach
4%
Murten
4%
Nellenburg
4%
Oberehnheim
4%
Ochsenhausen
4%
Orlamünde
4%
Pitigliano
4%
Prüm
4%
Püttlingen
4%
Querfort
4%
Rieneck
4%
Rietberg
4%
Rochefort
4%
Saarwerden
4%
Sausenburg
4%
Schussenried
4%
Spiegelberg
4%
Stühlingen
4%
Veldenz
4%
Westerburg
4%
Wildenberg
4%
Wunstorf
4%
Zwiefalten
4%
Clavesana
3%
Fénétrange
3%
Fosdinovo
3%
Payerne
3%
Rappoltstein
3%
Rottenmünster
3%
Schwalenberg
3%
Tresana
3%
Ursern
3%
Ventimiglia
3%
Veringen
3%
Walkenried
3%
Keine übereinstimmenden Quizze gefunden
Verteilung der Resultate
Anzahl Personen mit jedem Resultat
Perzentil nach korrekt beantworteten Fragen
Ihre Resultats-Entwicklung
Sie haben dieses Quiz noch nicht gespielt